[Event "Manhem IM Swiss 2002"]
[Site "?"]
[Date "2002.06.16"]
[Round "8"]
[White "Åkesson, Joel"]
[Black "Rausis, Igor"]
[Result "1/2-1/2"]
[WhiteElo "2234"]
[BlackElo "2478"]
[PlyCount "253"]
[EventDate "2003.06.08"]

1. d4 Nf6 2. c4 g6 3. g3 Bg7 4. Bg2 O-O 5. Nc3 d6 6. Nf3 c6 7. O-O a6 8. b3 b5
9. cxb5 axb5 10. Bb2 b4 11. Na4 Nd5 12. e4 Nb6 13. Nxb6 Qxb6 14. Nd2 Ba6 15.
Nc4 Bxc4 16. bxc4 Ra5 17. e5 dxe5 18. d5 cxd5 19. cxd5 Nd7 20. Qb3 Nc5 21. Qe3
Na4 22. Qxb6 Nxb6 23. a3 bxa3 24. Bxa3 e4 25. Rab1 Nxd5 26. Bxe4 Nc3 27. Bb4
Re5 28. Bxc3 Rxe4 29. Bxg7 Kxg7 30. Rfe1 Rxe1+ 31. Rxe1 Kf6 32. h4 Rb8 33. Re2
Rb7 34. Kg2 Kf5 35. Ra2 Rd7 36. Ra5+ Kf6 37. Ra6+ Rd6 38. Ra7 Re6 39. Kf3 Rb6
40. Rc7 Rb3+ 41. Ke2 Ra3 42. Rb7 Ra5 43. Kf3 Rf5+ 44. Ke3 e6 45. Ra7 Kg7 46.
Rb7 Rd5 47. Ra7 Kf6 48. Rb7 Rd8 49. Ra7 Rb8 50. Rc7 Re8 51. Ke4 Re7 52. Rc6 Ra7
53. Rb6 Ra3 54. Rb7 h6 55. f3 Ra2 56. Kf4 Rh2 57. Ke3 Rg2 58. g4 Kg7 59. Kf4
Rc2 60. g5 Rc8 61. Ke5 h5 62. Kf4 Kf8 63. Rb5 Rc4+ 64. Kg3 Rd4 65. Rb7 Ke8 66.
Ra7 Rd5 67. Rb7 Rf5 68. Ra7 Rd5 69. Rb7 Rd3 70. Rb5 Rd7 71. Rb6 Ke7 72. Rb8 e5
73. Rb5 Ke6 74. Rb6+ Rd6 75. Rb7 Ra6 76. Rc7 f5 77. gxf6 Kxf6 78. Rc8 Kf5 79.
Rc5 Ra3 80. Rb5 Rd3 81. Ra5 Rc3 82. Rb5 Ra3 83. Rc5 Ra1 84. Rb5 Rg1+ 85. Kf2
Rh1 86. Kg3 Rd1 87. Ra5 Rd2 88. Ra8 Re2 89. Rf8+ Ke6 90. Rg8 Kf7 91. Ra8 Re3
92. Kf2 Rd3 93. Kg2 Rc3 94. Ra6 Rc2+ 95. Kg3 Re2 96. Rb6 Re3 97. Kf2 Rc3 98.
Kg2 Rc4 99. Kg3 Rf4 100. Rb7+ Ke6 101. Rg7 Kf6 102. Rg8 Kf7 103. Ra8 Rf6 104.
Ra7+ Ke6 105. Ra5 Rf4 106. Ra8 Rf7 107. Ra6+ Kf5 108. Ra5 Rd7 109. Rb5 Rd6 110.
Ra5 Rb6 111. Rc5 Ke6 112. Ra5 Kd6 113. Ra8 Kd5 114. Ra5+ Kd6 115. Ra8 Rc6 116.
Ra5 Ke6 117. Ra8 Kd5 118. Ra5+ Kd4 119. Ra4+ Kd3 120. Ra3+ Rc3 121. Ra4 Kd2
122. Re4 Re3 123. Ra4 Ke2 124. Ra2+ Kf1 125. Ra4 Kg1 126. Rc4 Kh1 127. Rc2
1/2-1/2

[Event "Manhem IM Swiss 2002"]
[Site "?"]
[Date "2002.06.15"]
[Round "8"]
[White "Wallin, Dennis"]
[Black "Andersen, Alf Roger"]
[Result "0-1"]
[WhiteElo "2114"]
[BlackElo "2144"]
[PlyCount "74"]
[EventDate "2003.06.08"]

1. d4 f5 2. g3 Nf6 3. Bg2 g6 4. c4 Bg7 5. Nh3 d6 6. d5 O-O 7. Nf4 Na6 8. h4 Nc5
9. h5 Qe8 10. Nc3 Nxh5 11. Nxh5 Bxc3+ 12. bxc3 gxh5 13. Bf3 e5 14. Bh6 Rf6 15.
Bxh5 Rxh6 16. Bf7+ Qxf7 17. Rxh6 b6 18. Qd2 Qg7 19. Rh5 Ne4 20. Qe3 Qg6 21. Rh6
Qg5 22. Qxg5+ Nxg5 23. f4 Nf7 24. Rh5 e4 25. Kd2 Kg7 26. Ke3 Nh6 27. Kd4 Ng4
28. Rg5+ Kf7 29. Rh1 h6 30. Rxg4 fxg4 31. Kxe4 Kg6 32. Kd4 Bd7 33. e4 Rc8 34.
e5 c5+ 35. dxc6 Bxc6 36. Rf1 dxe5+ 37. fxe5 Bf3 0-1

[Event "Manhem IM Swiss 2002"]
[Site "?"]
[Date "2002.06.15"]
[Round "8"]
[White "Olsson, Linus"]
[Black "Carlsen, Magnus Oen"]
[Result "0-1"]
[WhiteElo "2273"]
[BlackElo "2163"]
[PlyCount "80"]
[EventDate "2003.06.08"]

1. d4 Nf6 2. c4 e6 3. g3 d5 4. Bg2 Be7 5. Nf3 O-O 6. O-O dxc4 7. Qc2 a6 8. a4
Nbd7 9. Nbd2 Nb6 10. Nxc4 Nxc4 11. Qxc4 b5 12. Qc6 Rb8 13. Bf4 Bd6 14. Ne5 Bb7
15. Qc2 Nd5 16. Bd2 c5 17. axb5 axb5 18. Ra7 cxd4 19. Ba5 Qe8 20. Nd3 Ba8 21.
Qb3 Ne7 22. Bxa8 Rxa8 23. Rxa8 Qxa8 24. Qxb5 Rb8 25. Qd7 Qd5 26. Bc7 Bxc7 27.
Qxc7 Rb7 28. Qc2 e5 29. Rc1 f6 30. Qa4 Kf7 31. b4 Rb8 32. Rc7 Ra8 33. Ra7 Rxa7
34. Qxa7 e4 35. Nf4 Qe5 36. b5 g5 37. b6 gxf4 38. b7 f3 39. exf3 exf3 40. Qa1
Qb5 0-1

[Event "Manhem IM Swiss 2002"]
[Site "?"]
[Date "2002.06.15"]
[Round "8"]
[White "Bekker-Jensen, David"]
[Black "Polej, Vladimir"]
[Result "0-1"]
[WhiteElo "2323"]
[BlackElo "2334"]
[PlyCount "80"]
[EventDate "2003.06.08"]

1. d4 g6 2. c4 Bg7 3. Nf3 Nf6 4. g3 O-O 5. Bg2 c6 6. O-O d5 7. b3 Ne4 8. Bb2
Nd7 9. Nbd2 Nd6 10. e3 b6 11. Ne5 Nxe5 12. dxe5 dxc4 13. Qc1 Nb7 14. Nxc4 Qc7
15. f4 Be6 16. Nd2 Rad8 17. Bxc6 Rxd2 18. Bxb7 Rc2 19. Qb1 Rxb2 20. Qxb2 Qxb7
21. Rac1 Rd8 22. Qc2 Bh3 23. Rfd1 Rxd1+ 24. Rxd1 Qf3 25. Re1 Bf8 26. Qe2 Qe4
27. Rd1 h5 28. Rd4 Qc6 29. Rc4 Qb5 30. Qd3 Qa5 31. Qe2 b5 32. Rd4 Qc3 33. Rd3
Qc6 34. Qd2 Qf3 35. Qf2 Qe4 36. Qe2 Bg4 37. Qd2 Bf5 38. Rd4 Qb1+ 39. Kg2 Be4+
40. Kf2 Qh1 0-1

[Event "Manhem IM Swiss 2002"]
[Site "?"]
[Date "2002.06.15"]
[Round "8"]
[White "Cech, Pavel"]
[Black "von Bahr, Oscar"]
[Result "1-0"]
[WhiteElo "2337"]
[BlackElo "2249"]
[PlyCount "131"]
[EventDate "2003.06.08"]

1. d4 Nf6 2. Nf3 g6 3. c4 Bg7 4. Nc3 d5 5. cxd5 Nxd5 6. e4 Nxc3 7. bxc3 c5 8.
Rb1 O-O 9. Be2 cxd4 10. cxd4 Qa5+ 11. Bd2 Qxa2 12. O-O Bg4 13. Rxb7 Bxf3 14.
Bxf3 Bxd4 15. e5 Na6 16. Rxe7 Rad8 17. Qe2 Rfe8 18. Bg5 Qa5 19. e6 f6 20. Rxe8+
Rxe8 21. Bc6 Re7 22. Bf4 Be5 23. Bxe5 fxe5 24. Bd7 Nc7 25. Rd1 Nxe6 26. Qc4 Qb6
27. Qd5 Kf8 28. Qxe5 Ng7 29. Qd5 Nh5 30. g3 Nf6 31. Qa8+ Kg7 32. Bc6 Ng4 33.
Rf1 Re1 34. Qb7+ Qxb7 35. Bxb7 Rxf1+ 36. Kxf1 Nxh2+ 37. Ke2 Ng4 38. Ba6 Kf6 39.
f4 Nh6 40. Kf3 Nf5 41. g4 Nd6 42. g5+ Ke6 43. Ke3 Kd5 44. Kd3 Kc5 45. Kc3 Nb5+
46. Kd3 Nd6 47. Kc3 Nf5 48. Kd3 Ng3 49. Ke3 Kd5 50. Bb7+ Kc4 51. Ba6+ Kc3 52.
Kf3 Nf5 53. Ke4 Kd2 54. Ke5 Ke3 55. Bc4 Ne7 56. Bb5 a5 57. Bd7 Kf3 58. Ba4 Kg4
59. Bd7+ Kg3 60. Ba4 Nf5 61. Bb3 Kg4 62. Bg8 h5 63. Be6 h4 64. Bxf5+ gxf5 65.
g6 h3 66. g7 1-0

[Event "Manhem IM Swiss 2002"]
[Site "?"]
[Date "2002.06.15"]
[Round "8"]
[White "Andersson, Tommy"]
[Black "Aleksejev, Vadim"]
[Result "1/2-1/2"]
[WhiteElo "2195"]
[BlackElo "2407"]
[PlyCount "29"]
[EventDate "2003.06.08"]

1. d4 d6 2. c4 f5 3. g3 Nf6 4. Bg2 g6 5. Nh3 Bg7 6. Nf4 e5 7. dxe5 dxe5 8.
Qxd8+ Kxd8 9. Ne6+ Bxe6 10. Bxb7 c6 11. Bxa8 Kc7 12. Bd2 Na6 13. Ba5+ Kd7 14.
Bxc6+ Kxc6 15. Nd2 1/2-1/2

[Event "Manhem IM Swiss 2002"]
[Site "?"]
[Date "2002.06.15"]
[Round "8"]
[White "Areklett, Ivar"]
[Black "Labuckas, Aidas"]
[Result "0-1"]
[WhiteElo "2099"]
[BlackElo "2355"]
[PlyCount "58"]
[EventDate "2003.06.08"]

1. e4 g6 2. d4 Bg7 3. Nc3 d6 4. Bg5 c6 5. Qd2 Qb6 6. O-O-O Qa5 7. f4 b5 8. Kb1
Nd7 9. Nf3 Nb6 10. h3 b4 11. Ne2 c5 12. Nc1 c4 13. c3 bxc3 14. Qxc3 Qxc3 15.
bxc3 d5 16. exd5 Nxd5 17. Ne2 Rb8+ 18. Ka1 Ne3 19. Rc1 Bf5 20. Ne1 h6 21. Bh4
g5 22. fxg5 hxg5 23. Bxg5 Bh6 24. Bxh6 Rxh6 25. g4 Bh7 26. Nf4 Rhb6 27. Bd3
cxd3 28. Nexd3 Rb1+ 29. Rxb1 Nc2# 0-1

[Event "Manhem IM Swiss 2002"]
[Site "?"]
[Date "2002.06.15"]
[Round "8"]
[White "Lönngren, Tobias"]
[Black "Slapikas, Vytautas"]
[Result "1/2-1/2"]
[WhiteElo "2122"]
[BlackElo "2410"]
[PlyCount "129"]
[EventDate "2003.06.08"]

1. Nf3 d6 2. d4 Bg4 3. g3 Bxf3 4. exf3 g6 5. Bg2 Bg7 6. f4 c6 7. O-O d5 8. c3
e6 9. Nd2 Ne7 10. Nf3 O-O 11. Ne5 Qc7 12. Re1 c5 13. dxc5 Qxc5 14. Be3 Qc7 15.
Rc1 Nbc6 16. c4 d4 17. Nxc6 Nxc6 18. Bd2 Rfd8 19. b4 d3 20. Bxc6 Qxc6 21. b5
Qc7 22. Qf3 a6 23. a4 Rd4 24. Re4 Rd7 25. g4 Rad8 26. c5 Rd5 27. Rec4 Ra8 28.
c6 b6 29. f5 axb5 30. axb5 Rxb5 31. fxe6 fxe6 32. Qxd3 Rd5 33. Qe3 e5 34. Bc3
Rad8 35. Ba1 Bf8 36. Qb3 Qf7 37. c7 Rc8 38. Qxb6 Bd6 39. Qb7 Qe6 40. Rb1 Kf7
41. Re1 Ra5 42. Rd1 Qxc4 43. Qxc8 Qxc7 44. Qh8 Ke6 45. Qg8+ Kf6 46. h4 Ra6 47.
g5+ Kf5 48. Qd5 Ra4 49. Qd3+ Ke6 50. Qd5+ Ke7 51. Qg8 Rg4+ 52. Kh2 Rxh4+ 53.
Kg3 Qc4 54. Qg7+ Ke8 55. Qh8+ Ke7 56. Qf6+ Ke8 57. Qh8+ Ke7 58. Qf6+ Ke8 59. f3
Be7 60. Qxe5 Rh5 61. Qh8+ Kf7 62. Qg7+ Ke8 63. Qh8+ Kf7 64. Qg7+ Ke8 65. Qh8+
1/2-1/2

[Event "Manhem IM Swiss 2002"]
[Site "?"]
[Date "2002.06.15"]
[Round "8"]
[White "Lahlum, Hans Olav"]
[Black "Kinnmark, Ove"]
[Result "0-1"]
[WhiteElo "2218"]
[BlackElo "2364"]
[PlyCount "120"]
[EventDate "2003.06.08"]

1. d4 Nf6 2. c4 e6 3. Nc3 Bb4 4. Qc2 d6 5. Bg5 Nbd7 6. e3 O-O 7. a3 Bxc3+ 8.
Qxc3 Qe7 9. Bd3 e5 10. Ne2 h6 11. Bh4 Re8 12. O-O-O Nf8 13. f3 Ng6 14. Bf2 e4
15. Bc2 d5 16. h4 h5 17. c5 c6 18. Rde1 Bd7 19. Nf4 Nxf4 20. exf4 Bf5 21. Rhg1
Qd7 22. Bd1 exf3 23. gxf3 Rxe1 24. Rxe1 Nh7 25. Qd2 Re8 26. Re5 f6 27. Re3 Nf8
28. Rxe8 Qxe8 29. b4 a6 30. a4 Qd7 31. Be2 Bg6 32. Bd3 Qh3 33. Qe3 Kf7 34. b5
axb5 35. axb5 Qh1+ 36. Kb2 Bxd3 37. Qxd3 Qg2 38. Qe3 Qf1 39. b6 Qb5+ 40. Kc1 g6
41. f5 gxf5 42. Kd2 Qf1 43. Be1 Ne6 44. Qd3 Qg2+ 45. Kc3 Nf4 46. Qe3 Ne6 47.
Qf2 Qg8 48. Qc2 Qa8 49. Bf2 Qa3+ 50. Qb3 Qc1+ 51. Qc2 Qa3+ 52. Qb3 Qa1+ 53. Qb2
Qd1 54. Kb4 Qxf3 55. Qd2 f4 56. Qc2 Ng7 57. Be1 Qe3 58. Bc3 f3 59. Qh2 f2 60.
Qc7+ Kg6 0-1

[Event "Manhem IM Swiss 2002"]
[Site "?"]
[Date "2002.06.16"]
[Round "9"]
[White "Olsson, Linus"]
[Black "Areklett, Ivar"]
[Result "1-0"]
[WhiteElo "2273"]
[BlackElo "2099"]
[PlyCount "47"]
[EventDate "2003.06.08"]

1. d4 Nf6 2. c4 Nc6 3. Nf3 d6 4. d5 Ne5 5. Nxe5 dxe5 6. Nc3 e6 7. e4 Bc5 8. Be2
O-O 9. O-O Ne8 10. Rb1 a5 11. Kh1 exd5 12. cxd5 Nd6 13. f4 Bd4 14. f5 Bxc3 15.
bxc3 Nxe4 16. Qd3 Nf6 17. c4 c6 18. Ba3 cxd5 19. Bxf8 Kxf8 20. cxd5 Qxd5 21.
Qa3+ Kg8 22. Rfd1 Qc6 23. Rd8+ Ne8 24. Bb5 1-0

[Event "Manhem IM Swiss 2002"]
[Site "?"]
[Date "2002.06.16"]
[Round "9"]
[White "Polej, Vladimir"]
[Black "Aleksejev, Vadim"]
[Result "1-0"]
[WhiteElo "2334"]
[BlackElo "2407"]
[PlyCount "67"]
[EventDate "2003.06.08"]

1. Nf3 g6 2. g3 Bg7 3. d4 d6 4. Bg2 Nf6 5. O-O O-O 6. c4 Nbd7 7. Nc3 e5 8. e4
exd4 9. Nxd4 Re8 10. h3 Nc5 11. Re1 a5 12. Ndb5 Be6 13. e5 dxe5 14. Qxd8 Rexd8
15. Nxc7 Rac8 16. Nxe6 Nxe6 17. b3 b6 18. Rb1 Nd7 19. Nb5 Nd4 20. Bg5 f6 21.
Bd5+ Kf8 22. Nxd4 exd4 23. Bc1 Nc5 24. Rd1 f5 25. Bb2 d3 26. Ba3 b5 27. Bxc5+
Rxc5 28. Rxd3 b4 29. Re1 Re8 30. Rxe8+ Kxe8 31. Re3+ Kd7 32. Re6 a4 33. Rb6 Bc3
34. Rb7+ 1-0

[Event "Manhem IM Swiss 2002"]
[Site "?"]
[Date "2002.06.16"]
[Round "9"]
[White "Rausis, Igor"]
[Black "Pilgaard, Kim"]
[Result "1/2-1/2"]
[WhiteElo "2478"]
[BlackElo "2426"]
[PlyCount "41"]
[EventDate "2003.06.08"]

1. e4 e5 2. Nf3 Nc6 3. Bb5 Nge7 4. O-O g6 5. c3 Bg7 6. d4 exd4 7. cxd4 a6 8.
Bxc6 bxc6 9. Bf4 O-O 10. Nc3 d6 11. h3 h6 12. Re1 Rb8 13. Qd2 g5 14. Bh2 f5 15.
e5 f4 16. Re2 Bf5 17. exd6 cxd6 18. Rae1 Rb7 19. Kh1 Nd5 20. Nxd5 cxd5 21. Rd1
1/2-1/2

[Event "Manhem IM Swiss 2002"]
[Site "?"]
[Date "2002.06.16"]
[Round "9"]
[White "Sarakauskas, Gediminas"]
[Black "Andersson, Tommy"]
[Result "0-1"]
[WhiteElo "2388"]
[BlackElo "2195"]
[PlyCount "78"]
[EventDate "2003.06.08"]

1. Nf3 Nf6 2. c4 e6 3. g3 d5 4. Bg2 c6 5. d4 dxc4 6. Ne5 Bb4+ 7. Nc3 Nd5 8. Qc2
Nxc3 9. bxc3 Qxd4 10. cxb4 Qxa1 11. Nxc4 O-O 12. O-O Qf6 13. e4 e5 14. Bb2 Nd7
15. f4 Qe7 16. fxe5 Nb6 17. Nd6 Be6 18. Qc1 f6 19. Qf4 fxe5 20. Qxe5 Rxf1+ 21.
Bxf1 Nd7 22. Qd4 Nf6 23. b5 cxb5 24. Bxb5 Qc7 25. e5 Nd7 26. Qe4 Rf8 27. g4 Nc5
28. Qd4 b6 29. Bc4 Kh8 30. Ba3 Qe7 31. Bxc5 bxc5 32. Qxc5 Bxg4 33. Qd5 Bh5 34.
e6 Rd8 35. Qxh5 Qxd6 36. Qe2 Qe7 37. Qe3 h6 38. Kg2 Qb7+ 39. Kg3 Qc7+ 0-1

[Event "Manhem IM Swiss 2002"]
[Site "?"]
[Date "2002.06.16"]
[Round "9"]
[White "Slapikas, Vytautas"]
[Black "Pedersen, Öyvind"]
[Result "1-0"]
[WhiteElo "2410"]
[BlackElo "2051"]
[PlyCount "75"]
[EventDate "2003.06.08"]

1. e4 c5 2. Nf3 d6 3. c3 Nf6 4. Bd3 Nc6 5. Bc2 Bg4 6. d3 e6 7. Nbd2 Be7 8. h3
Bh5 9. Nf1 O-O 10. Ng3 Bg6 11. O-O d5 12. Qe2 Qc7 13. Re1 Rfe8 14. Bg5 dxe4 15.
dxe4 h6 16. Bc1 Nd7 17. a4 Bd6 18. Nf1 Nde5 19. Nxe5 Bxe5 20. Ne3 Qe7 21. Nc4
Bc7 22. f4 Qh4 23. Rf1 Na5 24. Nxa5 Bxa5 25. Qb5 b6 26. Be3 a6 27. Qe2 Bh5 28.
Qf2 Qxf2+ 29. Kxf2 c4 30. g4 Bg6 31. f5 Bh7 32. Rfd1 b5 33. axb5 axb5 34. Rd7
g6 35. Rb7 exf5 36. gxf5 gxf5 37. Rg1+ Kf8 38. Bc5+ 1-0

[Event "Manhem IM Swiss 2002"]
[Site "?"]
[Date "2002.06.16"]
[Round "9"]
[White "Cech, Pavel"]
[Black "Åkesson, Joel"]
[Result "0-1"]
[WhiteElo "2337"]
[BlackElo "2234"]
[PlyCount "59"]
[EventDate "2003.06.08"]

1. d4 d5 2. c4 c6 3. cxd5 cxd5 4. Nc3 Nc6 5. Nf3 Nf6 6. Bf4 a6 7. Rc1 Ne4 8. e3
Nxc3 9. bxc3 Bg4 10. Bd3 e6 11. O-O Ba3 12. Rb1 b5 13. Qb3 Qe7 14. Ne5 Nxe5 15.
Bxe5 O-O 16. Qc2 f6 17. Bg3 h6 18. e4 dxe4 19. Bxe4 Rac8 20. h3 Bh5 21. Rfe1
Bf7 22. Re3 Bd6 23. Qe2 Rc7 24. Bc2 Rfc8 25. Qd3 f5 26. Bxd6 Qxd6 27. Qd2 f4
28. Rf3 e5 29. Qd3 g6 30. Qe4 {Incomplete.} 0-1

[Event "Manhem IM Swiss 2002"]
[Site "?"]
[Date "2002.06.16"]
[Round "9"]
[White "Eriksson, Joel"]
[Black "Wallin, Dennis"]
[Result "1/2-1/2"]
[WhiteElo "1977"]
[BlackElo "2114"]
[PlyCount "40"]
[EventDate "2003.06.08"]

1. d4 Nf6 2. c4 c5 3. d5 b5 4. cxb5 a6 5. f3 axb5 6. e4 d6 7. Bxb5+ Bd7 8.
Bxd7+ Nbxd7 9. Ne2 g6 10. O-O Bg7 11. a4 O-O 12. Na3 Nb6 13. Nb5 Ne8 14. Nec3
Nc7 15. Nxc7 Qxc7 16. Nb5 Qd7 17. Nc3 Rfb8 18. Qc2 Bd4+ 19. Kh1 e6 20. dxe6
Qxe6 1/2-1/2

[Event "Manhem IM Swiss 2002"]
[Site "?"]
[Date "2002.06.16"]
[Round "9"]
[White "Andersen, Alf Roger"]
[Black "von Bahr, Oscar"]
[Result "0-1"]
[WhiteElo "2144"]
[BlackElo "2249"]
[PlyCount "62"]
[EventDate "2003.06.08"]

1. e4 c5 2. Nf3 Nc6 3. d4 cxd4 4. Nxd4 Nf6 5. Nc3 d6 6. Bg5 e6 7. f4 h6 8. Bh4
Be7 9. Qd2 Nxe4 10. Nxe4 Bxh4+ 11. g3 Be7 12. O-O-O d5 13. Nf2 Bf6 14. Nf3 Qa5
15. c3 Qxa2 16. Ng4 Bd7 17. Nxf6+ gxf6 18. Bd3 Na5 19. Nd4 Rc8 20. Bb1 Qa1 21.
Qe2 Kf8 22. g4 b5 23. f5 e5 24. Ne6+ fxe6 25. Rd3 b4 26. fxe6 Nb3+ 27. Kc2 Ba4
28. Qf1 Ke7 29. Rxd5 Rxc3+ 30. bxc3 Qxc3+ 31. Kd1 Nd4+ 0-1

[Event "Manhem IM Swiss 2002"]
[Site "?"]
[Date "2002.06.16"]
[Round "9"]
[White "Carlsen, Magnus Oen"]
[Black "Smetankin, Stanislav"]
[Result "1/2-1/2"]
[WhiteElo "2163"]
[BlackElo "2455"]
[PlyCount "36"]
[EventDate "2003.06.08"]

1. Nf3 f5 2. g3 Nf6 3. Bg2 d6 4. d4 e6 5. O-O Be7 6. Bg5 O-O 7. Nbd2 Nbd7 8. c3
Qe8 9. Qb3 d5 10. Ne5 Nxe5 11. dxe5 Nd7 12. Bxe7 Qxe7 13. c4 Nxe5 14. cxd5 exd5
15. Qxd5+ Kh8 16. Nf3 Nxf3+ 17. Bxf3 c6 18. Qa5 Be6 1/2-1/2

[Event "Manhem IM Swiss 2002"]
[Site "?"]
[Date "2002.06.16"]
[Round "9"]
[White "Fendrich, David"]
[Black "Mohammadi, Amir"]
[Result "1-0"]
[WhiteElo "2197"]
[BlackElo "2149"]
[PlyCount "45"]
[EventDate "2003.06.08"]

1. c4 f5 2. g3 Nf6 3. Bg2 e6 4. Nf3 Be7 5. O-O O-O 6. d3 d6 7. Nc3 Qe8 8. e4 e5
9. exf5 Bxf5 10. Nh4 Bc8 11. f4 Nc6 12. f5 Nd7 13. Nd5 Qd8 14. Nxe7+ Nxe7 15.
g4 c6 16. g5 Qb6+ 17. Kh1 Qd4 18. Be4 d5 19. f6 dxe4 20. fxe7 Re8 21. Qh5 Rxe7
22. Nf5 Qc5 23. Be3 1-0

[Event "Manhem IM Swiss 2002"]
[Site "?"]
[Date "2002.06.16"]
[Round "9"]
[White "Labuckas, Aidas"]
[Black "Lönngren, Tobias"]
[Result "1-0"]
[WhiteElo "2355"]
[BlackElo "2122"]
[PlyCount "121"]
[EventDate "2003.06.08"]

1. d4 d5 2. c4 c6 3. Nc3 dxc4 4. Nf3 Nf6 5. e4 b5 6. e5 Nd5 7. a4 e6 8. axb5
Nxc3 9. bxc3 cxb5 10. Ng5 Bb7 11. Qh5 Qd7 12. Rb1 a6 13. Be3 Bd5 14. Be2 Nc6
15. O-O h6 16. f4 g6 17. Qh3 Bg7 18. Nf3 Ne7 19. Bc1 Qc6 20. Nd2 h5 21. Ba3 Nf5
22. Ra1 h4 23. Bf3 Bxf3 24. Rxf3 O-O-O 25. Rff1 Bh6 26. Rae1 Nxd4 27. cxd4 Rxd4
28. Qe3 h3 29. Ne4 Rhd8 30. Bd6 Qd5 31. gxh3 Rd3 32. Qe2 Qd4+ 33. Kh1 Bf8 34.
Qa2 Qb6 35. Rd1 Qc6 36. Rxd3 cxd3 37. Qg2 Bxd6 38. Nxd6+ Kd7 39. Rd1 Qxg2+ 40.
Kxg2 Kc6 41. Rxd3 a5 42. Kf3 b4 43. Ke2 Rd7 44. Kd2 Rc7 45. Kc2 a4 46. Kb2 Ra7
47. Ka2 a3 48. Rd2 Rd7 49. Kb3 f6 50. Kxb4 fxe5 51. fxe5 Ra7 52. Nb5 Ra8 53.
Rd6+ Kb7 54. Nxa3 Rh8 55. Rxe6 g5 56. Nb5 Rxh3 57. Kc5 Rxh2 58. Re7+ Kc8 59.
Na7+ Kd8 60. Nc6+ Kc8 61. Rg7 1-0

[Event "Manhem IM Swiss 2002"]
[Site "?"]
[Date "2002.06.16"]
[Round "9"]
[White "Lichmann, Petr"]
[Black "Andersson, Fredrik"]
[Result "1-0"]
[WhiteElo "2160"]
[BlackElo "2098"]
[PlyCount "41"]
[EventDate "2003.06.08"]

1. d4 Nf6 2. c4 c5 3. d5 b5 4. cxb5 a6 5. f3 d6 6. e4 g6 7. Nc3 Bg7 8. a4 O-O
9. Ra3 e6 10. Bc4 axb5 11. Bxb5 exd5 12. Nxd5 Nxe4 13. fxe4 Qh4+ 14. Rg3 Qxe4+
15. Ne2 Bd4 16. Ne3 Bb7 17. O-O Be5 18. Rg4 Qb1 19. Bd3 Qa2 20. Bc4 Qb1 21. Qb3
1-0

[Event "Manhem IM Swiss 2002"]
[Site "?"]
[Date "2002.06.16"]
[Round "9"]
[White "Kinnmark, Ove"]
[Black "Pribyl, Josef"]
[Result "1/2-1/2"]
[WhiteElo "2364"]
[BlackElo "2413"]
[PlyCount "40"]
[EventDate "2003.06.08"]

1. e4 Nf6 2. e5 Nd5 3. d4 d6 4. c4 Nb6 5. exd6 cxd6 6. Nc3 g6 7. h3 Bg7 8. Nf3
O-O 9. Be2 Nc6 10. O-O Bf5 11. Be3 d5 12. c5 Nc4 13. Bc1 b6 14. cxb6 axb6 15.
b3 Na3 16. Bxa3 Rxa3 17. Nb5 Ra8 18. Qd2 f6 19. Rac1 Qd7 20. Nc3 Kh8 1/2-1/2